| 000 | 00683nam a2200253 4500 | ||
|---|---|---|---|
| 999 |
_c3929 _d3929 |
||
| 001 | 584953 | ||
| 003 | OSt | ||
| 005 | 20181126113800.0 | ||
| 008 | 00026401972 mnu 000 0 eng | ||
| 010 | _a73152940 | ||
| 010 | _a73152940 | ||
| 020 | _a0871236427 | ||
| 040 |
_aDLC _cDLC _dATH |
||
| 050 | 0 |
_aBV652.25 _b.G7 |
|
| 082 |
_a254 _bG795W |
||
| 090 |
_aBV652.25 _b.G7 1972 |
||
| 100 | 1 | _aGreen, Hollis L. | |
| 245 | 1 | 0 |
_aWhy churches die; _ba guide to basic evangelism and church growth, _cby Hollis L. Green. |
| 260 |
_aMinneapolis, _bBethany Fellowship _c[1972] |
||
| 300 |
_a219 p. _c21 cm. |
||
| 650 | 0 | _aChurch growth. | |
| 650 | 0 | _aEvangelistic work. | |
| 942 |
_2ddc _cBK |
||